#1 Overall Picks Currently in the NBA (2023 - 2024) - Statistics

General Stats
  • This quiz has been taken 106 times
    59 since last reset
  • The average score is 12 of 14
Answer Stats
Answer % Correct
Cade Cunningham
98%
LeBron James
98%
Anthony Edwards
96%
Zion Williamson
96%
Victor Wembanyama
94%
Anthony Davis
92%
Karl Anthony-Towns
90%
Kyrie Irving
88%
Paolo Banchero
85%
Ben Simmons
77%
Andrew Wiggins
73%
DeAndre Ayton
65%
Markelle Fultz
65%
Derrick Rose
46%
No matching quizzes found
Score Distribution
Percent of People with Each Score
Percentile by Number Answered
Your Score History
You have not taken this quiz since the last reset